000 00787nam a2200241Ia 4500
003 OSt
005 20220923225419.0
006 a|||||r|||| 00| 0
007 ta
008 220922b |||||||| |||| 00| 0 hin d
024 _a266,974
037 _cTextual
040 _aARTS
_cARTS
_bhin
041 _2hin
_ahin
082 _aR65,6, 152M5
100 _aसक्सेना, प्रेमशंकर
245 0 _aव्यावहारिक गीता सार
246 _aVyāvahārik gītā sāra
260 _aदिल्ली
_b अलंकार प्रकाशन
_c1985
650 _aभारतीय दर्शन
942 _hR65,6, 152M5
_cTEXL
_2CC
999 _c378105
_d378105